Kežmarské lýceum v 19. storočí = Seminary in Kežmarok in 19th century : Diplomová práca

Gespeichert in:
Bibliographische Detailangaben
1. Verfasser: Vašašová, Renáta (Verfasst von)
Weitere Verfasser: Bernát, Libor (xxx)
Format: Manuskript Buch
Sprache:Slowakisch
Veröffentlicht: Trnava : STU v Bratislave MTF UIPH, 2009
Schlagworte:
Tags: Tag hinzufügen
Keine Tags, Fügen Sie das erste Tag hinzu!

MARC

LEADER 00000ntm a22000003a 4500
001 stu198827
005 20160719160017.5
008 100122s2009----xo------------------slo-d
040 |a STU  |b slo 
041 0 |a slo 
044 |a xo 
100 1 |a Vašašová, Renáta  |4 aut 
245 1 |a Kežmarské lýceum v 19. storočí = Seminary in Kežmarok in 19th century :  |b Diplomová práca 
260 |a Trnava :  |b STU v Bratislave MTF UIPH,  |c 2009 
300 |a 64 s  |c príl (1 CD-ROM) 
500 |a Študijný program: učiteľstvo technických profesijných predmetov 
500 |a Študijný odbor: 1.1.2 učiteľstvo profesijných predmetov a praktickej prípravy 
650 7 |a dejiny školstva  |2 stusub 
650 7 |a dejiny škôl  |2 stusub 
700 1 |a Bernát, Libor  |4 xxx  |u M7000  |T MTF Ústav inžinierskej pedagogiky a humatitných vied  |U M7000  |Y M7000 
996 |b 284M077618  |c M*DP-8709  |l MMSKP  |s P  |a 0  |w stu198827_0001